| 000 | 00605nam a2200193Ia 4500 | ||
|---|---|---|---|
| 003 | GCL | ||
| 008 | 140319s9999 xx 000 0 ara d | ||
| 040 |
_aGCL / _cGCL |
||
| 082 | 0 | 4 |
_aد _b050 |
| 100 | 1 | _aحسن احمد عيسى | |
| 245 | 1 | 0 |
_aالابداع فى الفن والعلم (عالم المعرفة 24) / _cحسن احمد عيسى |
| 300 | _a320 ص | ||
| 490 |
_aعالم المعرفة _v0 |
||
| 650 | 0 | 4 | _aالابداع الادبى والفنى |
| 650 | 0 | 4 | _aالفنون التشكيلية |
| 650 | 0 | 4 | _aالتخيل الابداعى |
| 650 | 0 | 4 | _aالابداع |
| 942 |
_2ddc _cBK |
||
| 999 |
_c50246 _d50246 |
||